Pays les plus représentés du Tour de France 2023 - Statistiques

Statistiques générales
  • Ce quiz a été pris 136 fois
  • Le résultat moyen est 11 sur 13
Statistiques - réponses
nombre pays % Correct
32 France
100%
21 Belgique
98%
14 Espagne
98%
7 Italie
95%
6 États Unis
93%
14 Pays Bas
93%
7 Royaume Uni
93%
7 Allemagne
92%
11 Danemark
88%
12 Australie
70%
8 Norvège
69%
6 Autriche
65%
5 Colombie
65%
Aucun quiz correspondant
Distribution des résultats
% des personnes avec chaque résultat
Percentile par nombre de réponses
Votre historique - résultats
Vous n’avez pas pris ce quiz